[Event "31. Open de San Sebastian"]
[Site "San Sebastián ESP"]
[Date "2008.03.16"]
[Round "1.2"]
[White "Lopez Martinez, Josep Manuel"]
[Black "Arana Garate, Jon"]
[Result "1-0"]
[WhiteElo "2550"]
[BlackElo "1902"]
[PlyCount "71"]
[EventDate "2008.03.16"]
[EventType "swiss"]
[EventRounds "9"]
[EventCountry "ESP"]
[Source "lmi"]
[SourceDate "2008.03.16"]

1. e4 c6 2. d4 d5 3. e5 c5 4. dxc5 Nc6 5. Nf3 e6 6. a3 Bxc5 7. b4 Bb6 8. Bb2
Nge7 9. Bd3 Bd7 10. O-O Ng6 11. Re1 O-O 12. Nbd2 Rc8 13. c4 dxc4 14. Nxc4 Nce7
15. Nd6 Rc7 16. Ng5 Be8 17. Qg4 h6 18. Nge4 Nf5 19. Rad1 Qh4 20. Nxf5 exf5 21.
Qxh4 Nxh4 22. Nd6 Bc6 23. Bf1 f4 24. Bd4 Bxd4 25. Rxd4 Ng6 26. Bd3 Re7 27. b5
Nxe5 28. bxc6 Nf3+ 29. gxf3 Rxe1+ 30. Kg2 bxc6 31. Nc4 Rc1 32. Rd7 f6 33. Nd6
Rc3 34. Bg6 Rc5 35. Nf5 Kh8 36. Rxg7 1-0

[Event "31. Open de San Sebastian"]
[Site "San Sebastián ESP"]
[Date "2008.03.16"]
[Round "1.3"]
[White "Juez Villar, Erik"]
[Black "San Segundo Carrillo, Pablo"]
[Result "0-1"]
[WhiteElo "1897"]
[BlackElo "2542"]
[PlyCount "50"]
[EventDate "2008.03.16"]
[EventType "swiss"]
[EventRounds "9"]
[EventCountry "ESP"]
[Source "lmi"]
[SourceDate "2008.03.16"]

1. d4 Nf6 2. c4 e6 3. Nc3 Bb4 4. e3 b6 5. Bd3 Bb7 6. Nf3 Ne4 7. Qc2 f5 8. O-O
Bxc3 9. bxc3 O-O 10. Ne1 d6 11. f3 Ng5 12. a4 a5 13. Rb1 Nd7 14. h4 Nf7 15. g3
Qe7 16. e4 fxe4 17. Bxe4 Bxe4 18. fxe4 e5 19. d5 Nf6 20. Ng2 Qd7 21. Ne3 Qh3
22. Rf3 Nh6 23. Bb2 Nfg4 24. Rxf8+ Rxf8 25. Rf1 Nxe3 0-1

[Event "31. Open de San Sebastian"]
[Site "San Sebastián ESP"]
[Date "2008.03.16"]
[Round "1.4"]
[White "Cifuentes Parada, Roberto"]
[Black "Aguado Zabaleta, Felix"]
[Result "1-0"]
[WhiteElo "2520"]
[BlackElo "1896"]
[PlyCount "69"]
[EventDate "2008.03.16"]
[EventType "swiss"]
[EventRounds "9"]
[EventCountry "ESP"]
[Source "lmi"]
[SourceDate "2008.03.16"]

1. d4 e6 2. Nf3 d5 3. c4 Bb4+ 4. Bd2 Bxd2+ 5. Nbxd2 Nf6 6. Qc2 Nbd7 7. e4 dxe4
8. Nxe4 Nxe4 9. Qxe4 Qe7 10. O-O-O f5 11. Qe3 O-O 12. Bd3 Qf6 13. Rhe1 Re8 14.
Bc2 Nf8 15. Ne5 Re7 16. f4 a5 17. h3 Ra6 18. g4 g6 19. gxf5 exf5 20. d5 Rb6 21.
c5 Rb4 22. a3 Rc4 23. b3 Rxc2+ 24. Kxc2 Qh4 25. Nf3 Qxe1 26. Rxe1 Rxe3 27. Rxe3
Kf7 28. Ng5+ Kg8 29. Re7 h6 30. Nf7 Bd7 31. Nxh6+ Kh8 32. Rf7 Bb5 33. Rxf8+ Kg7
34. Rb8 Kxh6 35. Rxb7 1-0

[Event "31. Open de San Sebastian"]
[Site "San Sebastián ESP"]
[Date "2008.03.16"]
[Round "1.5"]
[White "Daubas, Bernard"]
[Black "Narciso Dublan, Marc"]
[Result "0-1"]
[WhiteElo "1891"]
[BlackElo "2513"]
[PlyCount "64"]
[EventDate "2008.03.16"]
[EventType "swiss"]
[EventRounds "9"]
[EventCountry "ESP"]
[Source "lmi"]
[SourceDate "2008.03.16"]

1. d4 f5 2. Bg5 g6 3. Nc3 Bg7 4. e4 fxe4 5. Nxe4 d5 6. Nc3 Nh6 7. Qd2 Nf7 8.
Bh4 O-O 9. Nge2 c6 10. O-O-O Nd7 11. Kb1 Nf6 12. f3 e5 13. g4 Ne4 14. Qe1 Nxc3+
15. Nxc3 g5 16. Bf2 exd4 17. Bxd4 Bxd4 18. Rxd4 Qf6 19. Rd2 Ne5 20. Be2 Ng6 21.
Qg3 Qf4 22. Qxf4 Rxf4 23. Rd3 Bd7 24. Nd1 Re8 25. Re3 Rff8 26. Kc1 c5 27. Kd2
Bc6 28. Rf1 Nf4 29. Bd3 d4 30. Rxe8 Rxe8 31. c3 dxc3+ 32. Nxc3 Rd8 0-1

[Event "31. Open de San Sebastian"]
[Site "San Sebastián ESP"]
[Date "2008.03.16"]
[Round "1.6"]
[White "Lafuente, Pablo"]
[Black "Saenz Zabala, Juan Ignacio"]
[Result "1-0"]
[WhiteElo "2489"]
[BlackElo "1888"]
[PlyCount "39"]
[EventDate "2008.03.16"]
[EventType "swiss"]
[EventRounds "9"]
[EventCountry "ESP"]
[Source "lmi"]
[SourceDate "2008.03.16"]

1. d4 e6 2. c4 f5 3. Nf3 Nf6 4. g3 Be7 5. Bg2 O-O 6. O-O d6 7. Nc3 a5 8. Re1
Ne4 9. Qc2 Nxc3 10. Qxc3 d5 11. Rd1 Nc6 12. Be3 Bf6 13. Ne5 Ne7 14. b3 c6 15.
a3 Bxe5 16. dxe5 Qe8 17. a4 Qh5 18. f4 Qxe2 19. Bc5 Ng6 20. Bf3 1-0

[Event "31. Open de San Sebastian"]
[Site "San Sebastián ESP"]
[Date "2008.03.16"]
[Round "1.7"]
[White "Morley, Stephen"]
[Black "Del Rio De Angelis, Salvador G"]
[Result "0-1"]
[WhiteElo "1884"]
[BlackElo "2487"]
[PlyCount "58"]
[EventDate "2008.03.16"]
[EventType "swiss"]
[EventRounds "9"]
[EventCountry "ESP"]
[Source "lmi"]
[SourceDate "2008.03.16"]

1. e4 e6 2. d4 d5 3. e5 c5 4. c3 Nc6 5. Nf3 Qb6 6. a3 Nh6 7. b4 cxd4 8. Bxh6
gxh6 9. cxd4 Bg7 10. Nc3 O-O 11. Bd3 f6 12. exf6 Rxf6 13. O-O Rf4 14. g3 Rf7
15. Na4 Qd8 16. b5 Na5 17. Bc2 Nc4 18. Qd3 Bh8 19. Ne5 Bxe5 20. dxe5 Nxe5 21.
Qe3 Nf3+ 22. Kg2 Qg5 23. Qd3 Qh5 24. h4 Nxh4+ 25. gxh4 Rg7+ 26. Kh2 Qxh4+ 27.
Qh3 Qf4+ 28. Kh1 e5 29. Qh5 Bg4 0-1

[Event "31. Open de San Sebastian"]
[Site "San Sebastián ESP"]
[Date "2008.03.16"]
[Round "1.8"]
[White "Mateo, Ramon"]
[Black "Perez Marchal, Javier"]
[Result "1-0"]
[WhiteElo "2484"]
[BlackElo "1880"]
[PlyCount "71"]
[EventDate "2008.03.16"]
[EventType "swiss"]
[EventRounds "9"]
[EventCountry "ESP"]
[Source "lmi"]
[SourceDate "2008.03.16"]

1. e4 c5 2. Nf3 Nc6 3. d4 cxd4 4. Nxd4 a6 5. Nc3 Nf6 6. Nb3 e6 7. Bg5 Be7 8.
Qd2 h6 9. Bf4 b5 10. Bd3 d6 11. O-O Bb7 12. h3 Rc8 13. Rfe1 Qd7 14. Rad1 Ne5
15. a3 Ng6 16. Bh2 O-O 17. f4 Rfe8 18. Qe2 Qc6 19. Kh1 Nd7 20. Na5 Qc7 21. Nxb7
Qxb7 22. a4 Nc5 23. axb5 Nxd3 24. Qxd3 axb5 25. Nxb5 Red8 26. c4 d5 27. cxd5
exd5 28. e5 Rb8 29. Nd4 Qxb2 30. e6 Nh4 31. Re2 Qb7 32. f5 Ra8 33. exf7+ Kxf7
34. Rde1 Rd7 35. Qe3 Qb6 36. Qe6+ 1-0

[Event "31. Open de San Sebastian"]
[Site "San Sebastián ESP"]
[Date "2008.03.16"]
[Round "1.9"]
[White "Rodriguez Cabrera, Fco  Javier"]
[Black "Salgado Lopez, Ivan"]
[Result "0-1"]
[WhiteElo "1879"]
[BlackElo "2459"]
[PlyCount "76"]
[EventDate "2008.03.16"]
[EventType "swiss"]
[EventRounds "9"]
[EventCountry "ESP"]
[Source "lmi"]
[SourceDate "2008.03.16"]

1. e4 c5 2. Nf3 d6 3. d4 cxd4 4. Nxd4 Nf6 5. Nc3 a6 6. Bg5 e6 7. Qd2 Be7 8.
O-O-O b5 9. a3 Bb7 10. f3 Nbd7 11. g4 Rc8 12. h4 Ne5 13. Rh3 Nc4 14. Bxc4 Rxc4
15. Qe2 O-O 16. f4 Qb6 17. e5 dxe5 18. fxe5 Rxd4 19. Rxd4 Qxd4 20. Rd3 Qc5 21.
exf6 gxf6 22. b3 Qc7 23. Bh6 Bxa3+ 24. Kb1 Rc8 25. Qd1 Bc6 26. Qf1 Be7 27. g5
f5 28. h5 b4 29. g6 fxg6 30. hxg6 hxg6 31. Qe2 Kf7 32. Rh3 bxc3 33. Bg5 Bf8 34.
Rh7+ Bg7 35. Bh6 Rg8 36. Qe3 Be4 37. Bxg7 Rxg7 38. Qh6 Qe5 0-1

[Event "31. Open de San Sebastian"]
[Site "San Sebastián ESP"]
[Date "2008.03.16"]
[Round "1.11"]
[White "Etxagibel Larranaga, Asier"]
[Black "Alsina Leal, Daniel"]
[Result "0-1"]
[WhiteElo "1868"]
[BlackElo "2455"]
[PlyCount "76"]
[EventDate "2008.03.16"]
[EventType "swiss"]
[EventRounds "9"]
[EventCountry "ESP"]
[Source "lmi"]
[SourceDate "2008.03.16"]

1. Nf3 d5 2. d4 Nf6 3. Bg5 Ne4 4. Bh4 c5 5. e3 Qb6 6. Qc1 Nc6 7. dxc5 Qxc5 8.
Bd3 Bf5 9. O-O e6 10. Nbd2 Be7 11. Nb3 Qb6 12. Bxe7 Kxe7 13. Nbd4 Bg6 14. c4
Rac8 15. b3 Nb4 16. Qa3 Qc5 17. Bxe4 Bxe4 18. Nd2 Bg6 19. cxd5 Nxd5 20. Qb2 Qc3
21. Qa3+ Qb4 22. Qb2 Rc5 23. Rfc1 Rhc8 24. a3 Qb6 25. b4 Nc3 26. N2b3 R5c7 27.
Qd2 e5 28. Nf3 Qb5 29. Kh1 Ne4 30. Rxc7+ Rxc7 31. Qb2 f6 32. Kg1 Nc3 33. Nh4
Be4 34. Qd2 g5 35. Nf3 Ne2+ 36. Kh1 Rc2 37. Qe1 Bxf3 38. gxf3 Qd5 0-1

[Event "31. Open de San Sebastian"]
[Site "San Sebastián ESP"]
[Date "2008.03.16"]
[Round "1.12"]
[White "Zaratiegui Cardesa, Jose"]
[Black "Andres Gonzalez, Alberto"]
[Result "0-1"]
[WhiteElo "1832"]
[BlackElo "2436"]
[PlyCount "75"]
[EventDate "2008.03.16"]
[EventType "swiss"]
[EventRounds "9"]
[EventCountry "ESP"]
[Source "lmi"]
[SourceDate "2008.03.16"]

1. d4 Nf6 2. c4 e6 3. Nf3 Bb4+ 4. Bd2 a5 5. Nc3 d6 6. a3 Bxc3 7. Bxc3 a4 8. Qc2
d5 9. cxd5 exd5 10. Bb4 Nc6 11. e3 Bd7 12. Bd2 O-O 13. Bd3 Re8 14. Bc3 h6 15.
O-O Ne4 16. Ne5 Nxe5 17. dxe5 Nxc3 18. Qxc3 c6 19. f4 f6 20. Bg6 Rf8 21. e4
fxe5 22. fxe5 Qg5 23. Bf5 Bxf5 24. exf5 Rxf5 25. Rxf5 Qxf5 26. Rf1 Qd7 27. Qb4
Re8 28. Qxa4 Rxe5 29. Qf4 Qe7 30. b4 Re1 31. h3 Qe3+ 32. Kh2 Qxf4+ 33. Rxf4 Re3
34. a4 g5 35. Rd4 Kf7 36. b5 Ke6 37. bxc6 bxc6 38. Rb4 0-1

[Event "31. Open de San Sebastian"]
[Site "San Sebastián ESP"]
[Date "2008.03.16"]
[Round "1.13"]
[White "Recuero Guerra, David"]
[Black "Kuende Gorostidi, Jon"]
[Result "1-0"]
[WhiteElo "2424"]
[BlackElo "1828"]
[PlyCount "48"]
[EventDate "2008.03.16"]
[EventType "swiss"]
[EventRounds "9"]
[EventCountry "ESP"]
[Source "lmi"]
[SourceDate "2008.03.16"]

1. e4 c5 2. Nf3 d6 3. d4 cxd4 4. Nxd4 Nf6 5. Nc3 a6 6. Be3 Ng4 7. Bg5 h6 8. Bh4
g5 9. Bg3 h5 10. h3 Nf6 11. f3 h4 12. Bf2 Nh5 13. Qd2 e5 14. Nf5 Bxf5 15. exf5
Bh6 16. Bc4 Nc6 17. Ne4 Nd4 18. Bxd4 exd4 19. Qxd4 Qa5+ 20. b4 Qxb4+ 21. c3 Qb2
22. Nxd6+ Ke7 23. Qe5+ Kd7 24. Rd1 Bg7 1-0

[Event "31. Open de San Sebastian"]
[Site "San Sebastián ESP"]
[Date "2008.03.16"]
[Round "1.15"]
[White "Argandona Riveiro, Inigo"]
[Black "Espin Laborde, Jesus Maria"]
[Result "1-0"]
[WhiteElo "2404"]
[BlackElo "1812"]
[PlyCount "75"]
[EventDate "2008.03.16"]
[EventType "swiss"]
[EventRounds "9"]
[EventCountry "ESP"]
[Source "lmi"]
[SourceDate "2008.03.16"]

1. Nf3 Nf6 2. c4 g6 3. Nc3 c5 4. e4 d6 5. d4 cxd4 6. Nxd4 Bg7 7. Be2 O-O 8. Be3
Nc6 9. O-O Bd7 10. Re1 Qc8 11. Qd2 Ne5 12. Nd5 Qd8 13. Nxf6+ Bxf6 14. Rad1 Nc6
15. Nb5 a6 16. Nc3 Be6 17. b3 Qa5 18. Nd5 Bxd5 19. Qxa5 Nxa5 20. exd5 Bc3 21.
Bb6 Bxe1 22. Rxe1 Nc6 23. dxc6 bxc6 24. Bf3 Rac8 25. Rxe7 Rfe8 26. Rxe8+ Rxe8
27. Kf1 Rc8 28. Bd4 Kf8 29. Bf6 Ke8 30. Ke2 d5 31. Kd3 dxc4+ 32. Kxc4 c5 33.
Bb7 Rc7 34. Bxa6 Kd7 35. Bb5+ Ke6 36. Bd8 Ra7 37. a4 Ra8 38. Bb6 1-0

[Event "31. Open de San Sebastian"]
[Site "San Sebastián ESP"]
[Date "2008.03.16"]
[Round "1.16"]
[White "Marchena Hurtado, Javier"]
[Black "Gonzalez de la Torre, Santiago"]
[Result "0-1"]
[WhiteElo "1809"]
[BlackElo "2389"]
[PlyCount "74"]
[EventDate "2008.03.16"]
[EventType "swiss"]
[EventRounds "9"]
[EventCountry "ESP"]
[Source "lmi"]
[SourceDate "2008.03.16"]

1. e4 c5 2. Nc3 Nc6 3. g3 g6 4. Bg2 Bg7 5. d3 d6 6. f4 e6 7. Nf3 Nge7 8. O-O
O-O 9. Be3 Nd4 10. e5 Nef5 11. Bf2 Bd7 12. Qd2 Bc6 13. Ne4 Bxe4 14. dxe4 dxe5
15. Ne1 Nd6 16. Nd3 exf4 17. gxf4 b6 18. Rae1 Rc8 19. c3 Nc6 20. Qc2 c4 21. Nc1
Qe7 22. Ne2 Rfd8 23. Rd1 Nb7 24. Nd4 Nc5 25. Nf3 Rd3 26. Kh1 Nxe4 27. Bh4 Qd6
28. Ne5 Nxe5 29. Bxe4 Rxd1 30. Rxd1 Nd3 31. Bxd3 cxd3 32. Qxd3 Qxf4 33. Bg3 Qf5
34. Qe2 h6 35. a4 a6 36. Rd6 Bf8 37. Rxb6 Bc5 0-1

[Event "31. Open de San Sebastian"]
[Site "San Sebastián ESP"]
[Date "2008.03.16"]
[Round "1.17"]
[White "Andres Gonzalez, Ivan"]
[Black "Sanchez Ruesga, Hector"]
[Result "1-0"]
[WhiteElo "2375"]
[BlackElo "1804"]
[PlyCount "115"]
[EventDate "2008.03.16"]
[EventType "swiss"]
[EventRounds "9"]
[EventCountry "ESP"]
[Source "lmi"]
[SourceDate "2008.03.16"]

1. e4 c5 2. Nc3 Nc6 3. Nf3 g6 4. d4 cxd4 5. Nxd4 Bg7 6. Nde2 d6 7. h3 Nf6 8. g3
O-O 9. Bg2 Nd7 10. O-O Rb8 11. a4 Nc5 12. Be3 b6 13. Rb1 a5 14. b3 Qd7 15. Qd2
Rd8 16. Rfd1 Ba6 17. Nb5 Rbc8 18. c4 Bb7 19. Nec3 Nb4 20. Nd5 Bxd5 21. exd5 Qf5
22. Nd4 Qf6 23. h4 Qe5 24. Nb5 Qf5 25. Bg5 Bf6 26. Be3 Qc2 27. Na7 Qxd2 28.
Bxd2 Ra8 29. Nc6 Nxc6 30. dxc6 Rdc8 31. b4 Nxa4 32. bxa5 bxa5 33. c7 Ra7 34.
Bxa5 Nb2 35. Rd5 Kg7 36. Bb6 Ra6 37. Rb5 Rxb6 38. Rxb6 Rxc7 39. R1xb2 Bxb2 40.
Rxb2 Rxc4 41. Kf1 h5 42. Ke2 Kf6 43. Kd3 Ra4 44. Rb3 Ra2 45. Ke3 Ra4 46. Bf3
Ke5 47. Bc6 Rc4 48. Be8 Kf6 49. Kd2 Kg7 50. Rf3 f6 51. Rc3 Re4 52. Rc7 f5 53.
f3 Re5 54. f4 Re4 55. Bc6 Rc4 56. Rxe7+ Kf6 57. Rc7 Ke6 58. Bd7+ 1-0

[Event "31. Open de San Sebastian"]
[Site "San Sebastián ESP"]
[Date "2008.03.16"]
[Round "1.19"]
[White "Alonso Arburu, Juan Ignacio"]
[Black "Delgado, Francisco"]
[Result "1-0"]
[WhiteElo "2368"]
[BlackElo "1790"]
[PlyCount "41"]
[EventDate "2008.03.16"]
[EventType "swiss"]
[EventRounds "9"]
[EventCountry "ESP"]
[Source "lmi"]
[SourceDate "2008.03.16"]

1. c4 c6 2. Nf3 Nf6 3. g3 d5 4. b3 e6 5. Bg2 Nbd7 6. O-O Be7 7. Bb2 O-O 8. d3
b6 9. Qc2 Bb7 10. e4 dxe4 11. dxe4 Qc7 12. Nbd2 c5 13. Rfe1 e5 14. Nf1 Rfe8 15.
N3d2 Rad8 16. Ne3 Nf8 17. Nd5 Qc6 18. Bxe5 Ng6 19. Bb2 Rd7 20. Nf1 Red8 21.
Nfe3 1-0

[Event "31. Open de San Sebastian"]
[Site "San Sebastián ESP"]
[Date "2008.03.16"]
[Round "1.20"]
[White "Iglesias Gonzalez, Veronica"]
[Black "Hernandez, Elvis"]
[Result "0-1"]
[WhiteElo "1784"]
[BlackElo "2322"]
[PlyCount "46"]
[EventDate "2008.03.16"]
[EventType "swiss"]
[EventRounds "9"]
[EventCountry "ESP"]
[Source "lmi"]
[SourceDate "2008.03.16"]

1. d4 d5 2. Nf3 Nf6 3. c4 c6 4. Nc3 e6 5. Bg5 Nbd7 6. e3 Qa5 7. Bxf6 Nxf6 8. c5
Be7 9. Bd3 O-O 10. Qc2 b6 11. cxb6 axb6 12. Ne5 Bb7 13. O-O c5 14. b3 cxd4 15.
exd4 Rfc8 16. Bc4 dxc4 17. Nxc4 Qa7 18. Qb2 Ba3 19. Nb5 Bxb2 20. Nxa7 Rxc4 21.
bxc4 Bxa1 22. Nb5 Rxa2 23. f3 Ba6 0-1

[Event "31. Open de San Sebastian"]
[Site "San Sebastián ESP"]
[Date "2008.03.17"]
[Round "2.1"]
[White "Spraggett, Kevin"]
[Black "Alvarez Ponga, Hugo"]
[Result "1-0"]
[WhiteElo "2588"]
[BlackElo "2097"]
[PlyCount "93"]
[EventDate "2008.03.16"]
[EventType "swiss"]
[EventRounds "9"]
[EventCountry "ESP"]
[Source "lmi"]
[SourceDate "2008.03.16"]

1. Nf3 e6 2. g3 f5 3. Bg2 Nf6 4. O-O Be7 5. c4 O-O 6. b3 d6 7. d4 Ne4 8. Bb2
Nd7 9. Nc3 Ndf6 10. Nd2 Nxc3 11. Bxc3 d5 12. Qc2 c6 13. b4 Qe8 14. Rab1 g5 15.
a4 a6 16. e3 Ne4 17. Nxe4 fxe4 18. f3 exf3 19. Bxf3 Qg6 20. Qe2 e5 21. Bh5 Qg7
22. Rxf8+ Bxf8 23. dxe5 Be6 24. cxd5 cxd5 25. Bg4 Qd7 26. Bxe6+ Qxe6 27. Qh5
Be7 28. Rf1 b5 29. axb5 axb5 30. Bd4 Rc8 31. Kf2 Kg7 32. Kg2 Kg8 33. h3 h6 34.
h4 Rf8 35. Rxf8+ Kxf8 36. hxg5 hxg5 37. Qh8+ Kf7 38. Qh7+ Kf8 39. Qd3 Bxb4 40.
Qxb5 Be7 41. Qe2 Kg7 42. g4 Qg6 43. Kg3 Qe4 44. Qf1 Kg6 45. Qa6+ Kh7 46. Qc8
Qh1 47. e6 1-0

[Event "31. Open de San Sebastian"]
[Site "San Sebastián ESP"]
[Date "2008.03.17"]
[Round "2.2"]
[White "Ladron De Guevara Galar, Fco J"]
[Black "Lopez Martinez, Josep Manuel"]
[Result "0-1"]
[WhiteElo "2084"]
[BlackElo "2550"]
[PlyCount "44"]
[EventDate "2008.03.16"]
[EventType "swiss"]
[EventRounds "9"]
[EventCountry "ESP"]
[Source "lmi"]
[SourceDate "2008.03.16"]

1. d4 d6 2. Nf3 g6 3. c4 f5 4. Nc3 Nf6 5. Bg5 Nbd7 6. Qc2 Bg7 7. e4 fxe4 8.
Nxe4 c5 9. O-O-O Qa5 10. Kb1 cxd4 11. Nxf6+ Nxf6 12. Rxd4 O-O 13. Bd3 e5 14.
Rxd6 e4 15. Rxf6 Bxf6 16. Bxf6 exd3 17. Qc3 Qxc3 18. Bxc3 Bh3 19. Ne5 Bxg2 20.
Ng4 Rf4 21. Nh6+ Kf8 22. Rg1 Rxf2 0-1

[Event "31. Open de San Sebastian"]
[Site "San Sebastián ESP"]
[Date "2008.03.17"]
[Round "2.3"]
[White "San Segundo Carrillo, Pablo"]
[Black "Zulaika Centeno, Ander"]
[Result "1-0"]
[WhiteElo "2542"]
[BlackElo "2080"]
[PlyCount "179"]
[EventDate "2008.03.16"]
[EventType "swiss"]
[EventRounds "9"]
[EventCountry "ESP"]
[Source "lmi"]
[SourceDate "2008.03.16"]

1. d4 d5 2. c4 c6 3. Nf3 Nf6 4. Qc2 e6 5. g3 Nbd7 6. Bg2 Bd6 7. Nbd2 O-O 8. O-O
Re8 9. b3 e5 10. cxd5 cxd5 11. dxe5 Nxe5 12. Bb2 Bg4 13. Bxe5 Bxe5 14. Nxe5
Rxe5 15. Nf3 Re7 16. Nd4 Rc8 17. Qb2 Qe8 18. e3 Be6 19. Rac1 Rec7 20. Rfd1 h6
21. Qa3 Qf8 22. Qxf8+ Kxf8 23. Rxc7 Rxc7 24. f3 Ke7 25. Bf1 a6 26. Bd3 Nd7 27.
Kf2 Ne5 28. Ke2 Nc6 29. Nxc6+ Rxc6 30. Kd2 Kd6 31. g4 f6 32. h4 g5 33. Rh1 a5
34. hxg5 hxg5 35. Rh8 Rc8 36. Rh6 Rf8 37. Kc3 Ke5 38. Rh5 Rc8+ 39. Kd2 Kd6 40.
Rh6 Rf8 41. Be2 Ke5 42. Rh5 Bf7 43. Rh6 Be6 44. Rh7 Bf7 45. Bd3 b6 46. Rh6 Be6
47. Rh5 Kd6 48. Kc3 Bf7 49. Rh6 Be6 50. Kd4 Bd7 51. a3 Be6 52. Be2 Kc7 53. f4
gxf4 54. exf4 Kd7 55. f5 Bg8 56. Bf3 Ke7 57. Rh8 Rd8 58. b4 axb4 59. axb4 Kf8
60. Rh6 Ke7 61. g5 fxg5 62. Rxb6 Rd6 63. Rxd6 Kxd6 64. b5 Bf7 65. f6 Be8 66. b6
Kc6 67. Bg4 Bf7 68. Ke5 Kxb6 69. Be6 Bg6 70. Bxd5 Kc5 71. Be4 Bf7 72. Bf3 g4
73. Bxg4 Kc6 74. Be6 Bg6 75. Bg4 Bf7 76. Be6 Bg6 77. Bb3 Kd7 78. Ba4+ Kd8 79.
Bc6 Bf7 80. Kf5 Kc7 81. Bb5 Kd6 82. Ba4 Be6+ 83. Kg6 Ke5 84. Kg7 Kd6 85. Be8
Ke5 86. Bf7 Bd7 87. Bb3 Be8 88. Bc2 Ke6 89. Bg6 Bb5 90. f7 1-0

[Event "31. Open de San Sebastian"]
[Site "San Sebastián ESP"]
[Date "2008.03.17"]
[Round "2.4"]
[White "Rodriguez Gonzalez, Alex"]
[Black "Cifuentes Parada, Roberto"]
[Result "0-1"]
[WhiteElo "2060"]
[BlackElo "2520"]
[PlyCount "88"]
[EventDate "2008.03.16"]
[EventType "swiss"]
[EventRounds "9"]
[EventCountry "ESP"]
[Source "lmi"]
[SourceDate "2008.03.16"]

1. e4 c5 2. Nc3 Nc6 3. f4 g6 4. Bb5 Nd4 5. Nf3 Nxb5 6. Nxb5 d5 7. exd5 a6 8.
Nc3 Nf6 9. d4 Nxd5 10. dxc5 Nxc3 11. Qxd8+ Kxd8 12. bxc3 Bg7 13. Kf2 Bxc3 14.
Rb1 Kc7 15. Rb3 Bf6 16. Bd2 b5 17. c4 Be6 18. Ba5+ Kc6 19. Nd2 Bxc4 20. Nxc4
bxc4 21. Rb6+ Kxc5 22. Rb7 Rab8 23. Rc7+ Kb5 24. Bd2 Rhc8 25. Rb1+ Ka4 26.
Rxc4+ Rxc4 27. Rxb8 Rc2 28. Ke3 Rxa2 29. Rb4+ Ka3 30. Rb7 Bd4+ 31. Kd3 Bc5 32.
g4 Ka4 33. h4 a5 34. h5 gxh5 35. gxh5 f5 36. Bc3 Rf2 37. Bd2 Rf3+ 38. Kc4 Bb4
39. Bxb4 Rxf4+ 40. Kd5 axb4 41. Rxe7 h6 42. Rh7 b3 43. Rxh6 b2 44. Ra6+ Kb3 0-1

[Event "31. Open de San Sebastian"]
[Site "San Sebastián ESP"]
[Date "2008.03.17"]
[Round "2.5"]
[White "Narciso Dublan, Marc"]
[Black "Hargues, Franck"]
[Result "1-0"]
[WhiteElo "2513"]
[BlackElo "2046"]
[PlyCount "93"]
[EventDate "2008.03.16"]
[EventType "swiss"]
[EventRounds "9"]
[EventCountry "ESP"]
[Source "lmi"]
[SourceDate "2008.03.16"]

1. e4 d5 2. exd5 Nf6 3. Bb5+ Bd7 4. Bc4 Bf5 5. Nc3 Nbd7 6. d3 Nb6 7. Qf3 Nxc4
8. dxc4 Bxc2 9. Bf4 e6 10. dxe6 Bb4 11. Nge2 Be4 12. Qh3 Qd3 13. exf7+ Kxf7 14.
Be3 Qxc4 15. O-O Bd3 16. Rfd1 Bxe2 17. Rd4 Qe6 18. Qxe6+ Kxe6 19. Rxb4 Ba6 20.
Rc1 b6 21. Ra4 Bb7 22. Nb5 Nd5 23. Nxc7+ Nxc7 24. Rxc7 Rhd8 25. h3 Rd7 26. Rxd7
Kxd7 27. Rh4 Rh8 28. Bd4 Ke8 29. Rg4 Rg8 30. Rxg7 Rxg7 31. Bxg7 b5 32. Bc3 Kf7
33. Kh2 Ke6 34. g4 Kd5 35. Kg3 Ke4 36. h4 h5 37. gxh5 Kf5 38. h6 Kg6 39. Bg7
Be4 40. Kf4 Bb1 41. a3 Kf7 42. Kg5 a5 43. f4 Ke6 44. Bc3 a4 45. h5 Bc2 46. h7
Bxh7 47. Kh6 1-0

[Event "31. Open de San Sebastian"]
[Site "San Sebastián ESP"]
[Date "2008.03.17"]
[Round "2.6"]
[White "Arranz Martin, Pablo"]
[Black "Lafuente, Pablo"]
[Result "0-1"]
[WhiteElo "2047"]
[BlackElo "2489"]
[PlyCount "96"]
[EventDate "2008.03.16"]
[EventType "swiss"]
[EventRounds "9"]
[EventCountry "ESP"]
[Source "lmi"]
[SourceDate "2008.03.16"]

1. d4 Nf6 2. e3 g6 3. Bd3 Bg7 4. f4 O-O 5. Nf3 d6 6. O-O c5 7. c3 Nc6 8. d5
Nxd5 9. Bxg6 hxg6 10. Qxd5 Be6 11. Qg5 Bc4 12. Rf2 e5 13. Nbd2 Qxg5 14. fxg5
Bd3 15. e4 f5 16. gxf6 Rxf6 17. Ne1 Rxf2 18. Kxf2 Rf8+ 19. Kg3 Be2 20. Ndf3 Nd8
21. Be3 Ne6 22. Kf2 Bb5 23. Rd1 Rd8 24. Ng5 Nc7 25. Bxc5 Rf8+ 26. Nef3 dxc5 27.
c4 Bc6 28. Rd6 Bf6 29. Ke3 Kg7 30. g3 Rd8 31. Rxd8 Bxd8 32. h4 Bf6 33. Nh3 Ne6
34. Nf2 Nd4 35. Ng4 Nxf3 36. Kxf3 Kf7 37. Nf2 Ke6 38. b3 b5 39. Kg4 Kd6 40. Kh3
bxc4 41. bxc4 Bd7+ 42. g4 Be6 43. Kg3 Bxc4 44. g5 Be7 45. Nd1 Bxa2 46. Nc3 Be6
47. Nb5+ Kc6 48. Nxa7+ Kb6 0-1

[Event "31. Open de San Sebastian"]
[Site "San Sebastián ESP"]
[Date "2008.03.17"]
[Round "2.7"]
[White "Del Rio De Angelis, Salvador G"]
[Black "Garay Lenne, Luis Maria"]
[Result "1-0"]
[WhiteElo "2487"]
[BlackElo "2025"]
[PlyCount "85"]
[EventDate "2008.03.16"]
[EventType "swiss"]
[EventRounds "9"]
[EventCountry "ESP"]
[Source "lmi"]
[SourceDate "2008.03.16"]

1. d4 Nf6 2. c4 e6 3. Nc3 b6 4. e4 Bb7 5. Bd3 d5 6. cxd5 exd5 7. e5 Ne4 8. Nf3
Be7 9. O-O O-O 10. Re1 f5 11. exf6 Bxf6 12. Nxe4 dxe4 13. Bxe4 Bxe4 14. Rxe4
Qd5 15. Qb3 Qxb3 16. axb3 Nc6 17. Be3 Nb4 18. Kf1 a5 19. Rc1 Nd5 20. Rc4 Rfd8
21. Bf4 c5 22. dxc5 Nxf4 23. Rxf4 bxc5 24. Rxc5 Rab8 25. g3 Rxb3 26. Rxa5 Rxb2
27. h4 Rb7 28. Nh2 Rd4 29. Rff5 Rdb4 30. Kg2 h6 31. Nf1 Rd7 32. Ne3 Re4 33. Nd5
Re6 34. h5 Red6 35. g4 Kf7 36. f4 Ke6 37. Ne3 Bd4 38. Rf8 Rf7 39. f5+ Ke7 40.
Nd5+ Rxd5 41. Rxf7+ Kxf7 42. Rxd5 Bb2 43. Rd6 1-0